000 00588nam a22002177a 4500
001 00028828
005 20260421134851.0
008 260421b ag ||||| |||| 00| 0 spa d
020 _a8435060772
040 _aAR-CcCEOS
_bspa
_cAR-CcCEOS
041 _aspa
080 _a860-3
090 _bCOR
100 1 _aCorral, José Luis,
_d1934-
_91083
245 _a¡Independencia! /
_cJosé Luis Corral
250 _a1ª ed.
260 _aArgentina :
_bEdhasa,
_c2005.
300 _a439 p. ;
_c24x15 cm.
655 0 _aliteratura española
_9120
_vnovela historica
942 _2udc
_cBK
_n0
999 _c28864
_d28864